Análisis población flotante alta temporada Región de Valparaíso, enero-marzo 1996
Guardat en:
| Autor corporatiu: | |
|---|---|
| Format: | Llibre |
| Idioma: | espanyol |
| Publicat: |
Valparaíso
Gobierno Regional de Valparaíso
1996
|
| Matèries: | |
| Etiquetes: |
Afegir etiqueta
Sense etiquetes, Sigues el primer a etiquetar aquest registre!
|
MARC
| LEADER | 00000cam a2200000 a 4500 | ||
|---|---|---|---|
| 001 | UCF9386 | ||
| 003 | CL-VaPUC | ||
| 008 | 131115e19960000cl |||||||||||||||||spa|d | ||
| 082 | 0 | 4 | |a 338.4791 |b GOB |2 21 |
| 110 | 2 | |a Gobierno Regional de Valparaíso |e author |9 571657 | |
| 245 | 1 | 0 | |a Análisis población flotante alta temporada Región de Valparaíso, enero-marzo 1996 |
| 300 | |a 67 p | ||
| 942 | |c BK | ||
| 945 | |d 20131115 14:49:00 |a dcastane | ||
| 260 | |a Valparaíso |b Gobierno Regional de Valparaíso |c 1996 | ||
| 650 | 0 | |a Turismo |9 308920 | |
| 650 | 0 | |a Industria turística |9 347913 | |
| 650 | 0 | |a Estadísticas |9 258644 | |
| 650 | 7 | |a ESTADISTICA DE TURISMO |2 CL-VaPUC |9 527897 | |
| 583 | |a last modification |c 20131115 14:49:00 |k Rodrigo Vera | ||
| 999 | |c 353832 |d 353830 | ||
| 952 | |0 0 |1 0 |3 erb |4 0 |6 338_479100000000000_GOB_1996 |7 0 |8 A |9 459244 |a BIBING |b BIBING |i 5025710 |o 338.4791 GOB 1996 |p 5025710 |r 2025-01-20 |w 2019-11-23 |y BK |z Catalogado en:20131115 |k GEO | ||